ARRUPE JESUIT UNIVERSITY

CORONAVIRUS -STOP THE SPREAD - CLEAN,DISINFECT,COVER

Augustine (Record no. 130360)

MARC details
000 -LEADER
fixed length control field 00497nam a22001577a 4500
008 - FIXED-LENGTH DATA ELEMENTS--GENERAL INFORMATION
fixed length control field 200212b ||||| |||| 00| 0 eng d
020 ## - INTERNATIONAL STANDARD BOOK NUMBER
International Standard Book Number 9780415487597
050 ## - LIBRARY OF CONGRESS CALL NUMBER
Classification number BR65.A94
Item number K61
100 ## - MAIN ENTRY--PERSONAL NAME
Personal name Kirwan, Christopher
9 (RLIN) 49525
245 ## - TITLE STATEMENT
Title Augustine
Remainder of title the arguments of the philosophers
Statement of responsibility, etc Christopher Kirwan
260 ## - PUBLICATION, DISTRIBUTION, ETC. (IMPRINT)
Place of publication, distribution, etc London
Name of publisher, distributor, etc Routledge
Date of publication, distribution, etc 1991
300 ## - PHYSICAL DESCRIPTION
Extent viii, 247p. ;
Dimensions 24cm.
440 ## - SERIES STATEMENT/ADDED ENTRY--TITLE
Title The arguments of the philosophers
9 (RLIN) 49216
600 ## - SUBJECT ADDED ENTRY--PERSONAL NAME
Personal name Augustine, St.
9 (RLIN) 13740
942 ## - ADDED ENTRY ELEMENTS (KOHA)
Source of classification or shelving scheme Library of Congress Classification
Item type Monograph ( Printed materials)
Holdings
Withdrawn status Lost status Source of classification or shelving scheme Damaged status Not for loan Collection code Home library Current library Shelving location Date acquired Total Checkouts Full call number Barcode Date last seen Price effective from Koha item type
    Library of Congress Classification     Main Collection ARRUPE LIBRARY ARRUPE LIBRARY Main Collection 12/02/2020   BR65.A94 K61 46600006436 12/02/2020 12/02/2020 Monograph ( Printed materials)

 

Arrupe Library. PO Box MP320 Mt Pleasant, Harare, Zimbabwe
263 242 745411|librarian@aju.ac.zw